| 000 -LEADER |
| fixed length control field |
00392 a2200109 4500 |
| 008 - FIXED-LENGTH DATA ELEMENTS--GENERAL INFORMATION |
| fixed length control field |
250814b ||||| |||| 00| 0 eng d |
| 020 ## - INTERNATIONAL STANDARD BOOK NUMBER |
| International Standard Book Number |
9780727720283 |
| 100 ## - MAIN ENTRY--PERSONAL NAME |
| Personal name |
Brian Pritchard |
| 245 ## - TITLE STATEMENT |
| Title |
Bridge Modification: Proceedings of the Conference Bridge Modification Organized by the Institution of Civil Engineers, London |
| 260 ## - PUBLICATION, DISTRIBUTION, ETC. (IMPRINT) |
| Name of publisher, distributor, etc |
Institution of Civil Engineers |
| Date of publication, distribution, etc |
1995 |
| 942 ## - ADDED ENTRY ELEMENTS (KOHA) |
| Source of classification or shelving scheme |
|